[Event "Santo Domingo Summer op"]
[Site "Santo Domingo"]
[Date "2015.07.26"]
[Round "8"]
[White "Mesa, Teofilo"]
[Black "Abreu Jean, Carlos Paul"]
[Result "0-1"]
[WhiteElo "2092"]
[BlackElo "2251"]
[PlyCount "70"]
[EventDate "2015.07.17"]
[EventType "swiss"]
[EventRounds "8"]
[EventCountry "DOM"]
[SourceTitle "EXT 2016"]
[Source "ChessBase"]
[SourceDate "2015.10.08"]
[SourceVersion "1"]
[SourceVersionDate "2015.10.08"]
[SourceQuality "1"]

1. e4 c5 2. Nf3 e6 3. Nc3 a6 4. d4 cxd4 5. Nxd4 b5 6. Be3 Bb7 7. Bd3 Nc6 8. 0-0 Nf6 9. Nxc6 Bxc6 10. a3 Qc7 11. f4 d6 12. Qe2 Be7 13. Rae1 0-0 14. g4 Rfe8 15. g5 Nd7 16. Qg4 Bf8 17. Rf3 g6 18. h4 f5 19. gxf6 Nxf6 20. Qg5 Bg7 21. Rh3 e5 22. f5 gxf5 23. exf5 Kh8 24. Qg3 Rg8 25. Bg5 Rae8 26. Rh2 Qf7 27. Rf2 Bh6 28. Kf1 Qg7 29. Ne4 Bxe4 30. Bxe4 d5 31. Bg2 Bxg5 32. hxg5 Qxg5 33. Qc3 d4 34. Qc6 e4 35. Qc5 e3 0-1

[Event "Santo Domingo Summer op"]
[Site "Santo Domingo"]
[Date "2015.07.25"]
[Round "6"]
[White "Benitez Pacheco, Alejandro"]
[Black "Mesa, Teofilo"]
[Result "1-0"]
[WhiteElo "2124"]
[BlackElo "2092"]
[PlyCount "71"]
[EventDate "2015.07.17"]
[EventType "swiss"]
[EventRounds "8"]
[EventCountry "DOM"]
[SourceTitle "EXT 2016"]
[Source "ChessBase"]
[SourceDate "2015.10.08"]
[SourceVersion "1"]
[SourceVersionDate "2015.10.08"]
[SourceQuality "1"]

1. e4 g6 2. d4 Bg7 3. Nf3 d6 4. Nc3 c6 5. h3 Nf6 6. Bg5 Qa5 7. Qd2 Nbd7 8. Bd3 h6 9. Be3 e5 10. a3 a6 11. b4 Qc7 12. dxe5 dxe5 13. 0-0 Nh5 14. Ne2 g5 15. Rad1 0-0 16. Ng3 Ndf6 17. Nh2 Nf4 18. Bc4 Be6 19. Bxe6 Nxe6 20. c3 Rad8 21. Qc2 a5 22. Ng4 axb4 23. axb4 Nf4 24. Nf5 Kh7 25. Nfxh6 Nd7 26. Nf5 Rfe8 27. g3 Ne6 28. Kg2 Ndf8 29. Qe2 Ng6 30. Qf3 Rxd1 31. Rxd1 Rd8 32. Nxg7 Nef4+ 33. Bxf4 exf4 34. Nf5 fxg3 35. fxg3 Ne5 36. Nxe5 1-0

[Event "Santo Domingo Summer op"]
[Site "Santo Domingo"]
[Date "2015.07.17"]
[Round "1"]
[White "Mesa, Teofilo"]
[Black "Rojas Gomez, Ramon Andres"]
[Result "1-0"]
[WhiteElo "2092"]
[BlackElo "1837"]
[PlyCount "75"]
[EventDate "2015.07.17"]
[EventType "swiss"]
[EventRounds "8"]
[EventCountry "DOM"]
[SourceTitle "EXT 2016"]
[Source "ChessBase"]
[SourceDate "2015.10.08"]
[SourceVersion "1"]
[SourceVersionDate "2015.10.08"]
[SourceQuality "1"]

1. d4 d5 2. c4 c6 3. Nc3 Nf6 4. Nf3 e6 5. c5 Nbd7 6. Bf4 Qa5 7. a3 Ne4 8. b4 Nxc3 9. Qc2 Qd8 10. Qxc3 Be7 11. e3 h5 12. h4 Nf6 13. Bd3 Ne4 14. Bxe4 dxe4 15. Nd2 f5 16. Be5 Rh7 17. g3 b5 18. f3 exf3 19. Kf2 g5 20. Nxf3 g4 21. Nd2 a5 22. Rhe1 a4 23. e4 Rf7 24. Kg1 f4 25. Bxf4 Bxh4 26. Rf1 Rxf4 27. gxf4 Qf6 28. Qd3 Bd7 29. d5 exd5 30. exd5 0-0-0 31. Ne4 Qg7 32. Rad1 g3 33. f5 Qg4 34. f6 g2 35. Rf3 Bf5 36. Rxf5 cxd5 37. Nd6+ Kc7 38. Qf3 1-0